00305pab a2200133 454500008004000000100001800040245003800058260000900096300001200105362001200117650001000129700001600139773001600155180718b2001 xxu||||| |||| 00| 0 eng d aJain, Sushila aYouth culture in an urban setting c2001 ap.79-88 aJan-Jun aYouth aJain, Pooja aPrashasnika